| Tag |
First Indicator |
Second Indicator |
Subfields |
| LEADER |
00000cam a2200000 a 4500 |
| 001 |
in00000009994 |
| 005 |
20151007051612.0 |
| 008 |
870711s1986 cau b 00110 eng |
| 010 |
|
|
|a 87017145
|
| 020 |
|
|
|a 0817986812
|
| 035 |
|
|
|a (OCoLC)16278040
|
| 035 |
|
|
|9 AAA3832AM
|
| 040 |
|
|
|a DLC
|c DLC
|d TXA
|d UtOrBLW
|
| 043 |
|
|
|a n-cn---
|
| 049 |
|
|
|a TXAM
|c [A12636694]
|
| 050 |
0 |
0 |
|a F1034.2
|b .B74 1986
|
| 082 |
0 |
|
|a 971.064
|2 19
|
| 100 |
1 |
|
|a Brimelow, Peter,
|d 1947-
|
| 245 |
1 |
4 |
|a The patriot game :
|b Canada and the Canadian question revisited /
|c Peter Brimelow.
|
| 264 |
|
1 |
|a Stanford, Calif. :
|b Hoover Institution Press,
|c [1986]
|
| 264 |
|
4 |
|c ©1986
|
| 300 |
|
|
|a 310 pages ;
|c 25 cm.
|
| 336 |
|
|
|a text
|b txt
|2 rdacontent
|
| 337 |
|
|
|a unmediated
|b n
|2 rdamedia
|
| 338 |
|
|
|a volume
|b nc
|2 rdacarrier
|
| 504 |
|
|
|a Bibliography: pages 293-299.
|
| 500 |
|
|
|a Includes index.
|
| 651 |
|
0 |
|a Canada
|x Politics and government
|y 1980-
|
| 650 |
|
0 |
|a Nationalism
|z Canada.
|
| 650 |
|
0 |
|a Liberalism
|z Canada.
|
| 651 |
|
0 |
|a Canada
|x English-French relations.
|
| 999 |
|
|
|a MARS
|
| 999 |
f |
f |
|s 7640ade2-9a9e-313d-9efa-bf9e04a3cf0f
|i 198474c6-a298-3ec4-bf6d-d8a958add100
|t 0
|
| 952 |
f |
f |
|p ric
|a Texas A&M University
|b Rellis Campus
|c Joint Library Facility
|d Remote Storage
|t 0
|e F1034.2 .B74 1986
|h Library of Congress classification
|i unmediated -- volume
|m A14812636694
|
| 998 |
f |
f |
|a F1034.2 .B74 1986
|t 0
|l Remote Storage
|